23/ Calendrier de l'Avent - Rennes du Père Noël - Statistiques

Statistiques générales
  • Ce quiz a été pris 17 fois
  • Le résultat moyen est 5 sur 9
Statistiques - réponses
Indice Nom du renne % Correct
Celui qui a un nez rouge Rudolphe
80%
Le plus fort Tonnerre
80%
Celui qui apporte la lumière Eclair
67%
Le plus rapide Tornade
60%
Le plus beau Fringant
47%
Celui qui procure du bonheur aux enfants Comète
40%
Celui qui transmet de l'amour aux enfants Cupidon
40%
Le plus gracieux Danseuse
33%
Le plus puissant Furie
33%
Aucun quiz correspondant
Distribution des résultats
% des personnes avec chaque résultat
Percentile par nombre de réponses
Votre historique - résultats
Vous n’avez pas pris ce quiz